[Event "RUS-ch"]
[Site "Elista"]
[Date "1996.??.??"]
[Round "8"]
[White "Sveshnikov, Evgeny"]
[Black "Fominyh, Alexander"]
[Result "1-0"]
[WhiteElo "2535"]
[BlackElo "2535"]
[Annotator "Har Zvi,R"]
[PlyCount "82"]
[EventDate "1996.10.15"]
[EventType "swiss"]
[EventRounds "11"]
[EventCountry "RUS"]
[SourceTitle "CBM 056"]
[Source "ChessBase"]
[SourceDate "1997.02.01"]
[SourceVersion "1"]
[SourceVersionDate "1997.02.01"]
[SourceQuality "1"]

1. e4 {Belov Hecht Knaak} c5 2. Nf3 Nc6 3. c3 e6 4. d4 d5 5. e5 {Knaak: Es
gibt scheinbar nur wenige Spieler, auf die man sich so gut vorbereiten kann,
wie Evgeni Sveshnikov. Immer wieder spielt er Sizilianisch mit c3 und die
Vorstoßvariante im "Franzosen". Aber was nützt die leichte Vorbereitung, wenn
der Gegner die Feinheiten der Systeme besser beherrscht und zudem ständig
etwas Neues in petto hat. Schauen Sie sich den "Kampfrekord" des Russen in
Ihrer großen Datenbank an: im Spielerindex zu Sveshnikov gehen und auf den
bunten Button für Statistik klicken.} Bd7 6. Be2 Nge7 (6... Rc8 {Belov} 7. O-O
Nge7 8. Na3 Nf5 9. Nc2 cxd4 10. cxd4 Qb6 11. g4 Nfe7 12. Nh4 Nb4 13. Nxb4 Qxb4
14. f4 Nc6 (14... Bb5 15. Qd2 Qa4 16. b3 Qa6 17. Bxb5+ Qxb5 18. f5 Nc6 19. Bb2
$16 {Sveshnikov,E-Gleizerov,E/RUS/1992/}) 15. Be3 Be7 16. Ng2 f6 $14 {
Sveshnikov,E-Ulibin,M/RUS/1992/0:1/44/}) 7. Na3 Nf5 (7... Ng6 8. h4 Be7 (8...
cxd4 9. cxd4 Bxa3 (9... Bb4+ 10. Kf1 O-O 11. h5 Nh8 12. h6 g6 13. Nc2 Be7 14.
Ne3 f5 15. exf6 Bxf6 16. Ng4 $14 {/~~ Levin,F-Nenashev,A Riga 1988}) 10. bxa3
h6 11. Rb1 b6 12. Bd2 f5 13. g3 O-O 14. O-O Be8 15. Bb4 Nge7 $13 {Castro,
O-Ostojic,P Budapest 1977}) 9. g3 (9. h5 $5) 9... cxd4 10. cxd4 O-O $1 11. h5
Nh8 12. Nc2 f6 $1 $15 {De la Villa Garcia,J-Kortschnoj,V Pamplona 1990}) 8. Nc2
Be7 (8... cxd4 9. cxd4 Nb4 10. O-O (10. Nxb4 Bxb4+ 11. Bd2 Qb6 $1 (11... Qa5 $6
12. a3 $1 Bxd2+ 13. Qxd2 Qxd2+ 14. Kxd2 f6 15. Rac1 $14 {Anand,V-Gurevich,M/
Manila izt/1990}) 12. Bxb4 Qxb4+ 13. Qd2 a5 $5 14. a3 Qb6 $1 15. O-O O-O $10 {
Friedman,A-Dreev,A New York op 1991}) (10. Ne3 {Belov} Nxe3 11. fxe3 Be7 12.
O-O O-O 13. Bd2 Qb6 (13... a5 $32) 14. a3 Nc6 15. b4 $14 {Sax,
Gy-Brenninkmeijer,J/Wijk aan Zee/1992/0,5/49/}) 10... Nxc2 11. Qxc2 Qb6 12. Qd3
Rc8 13. Rd1 (13. Bd2 Bb4 $1 14. Bf4 $6 a6 $1 15. a4 Ne7 $5 (15... O-O) 16. h4
Ba5 17. Rfc1 Rxc1+ 18. Bxc1 h6 {1/2-1/2 Sveshnikov,E-Dreev,A Rostov na Donu
1993 57/(271)}) (13. a4 Bb4 14. h4 h6 15. h5 Ne7 16. Nd2 O-O 17. Nb3 f5 18. a5
Qd8 19. Bd2 Bxd2 20. Qxd2 $14 {Sveshnikov,E-Rublevsky,S RUS-ch Elista 1994})
13... h6 14. h4 a6 15. a4 Bb4 $15 {Campora,D-Dreev,A Biel 1995}) 9. O-O cxd4 (
9... O-O {Belov} 10. Ne3 cxd4 11. cxd4 Qb6 12. Nxf5 exf5 13. Qb3 Nxd4 14. Nxd4
Qxd4 15. Qxb7 Rfd8 16. Bf3 Rab8 17. Be3 Qxe5 18. Qxa7 Bd6 19. g3 Qxb2 $13 {
Margolin,B-Epelbaum,M/Alushta 3/1995/1:0/39/}) 10. cxd4 h5 (10... Nb4 {Belov}
11. Ne3 Nxe3 12. fxe3 a5 $14) 11. b4 {Knaak: Da ist die neue Idee. Weiß möchte
den lästigen Druck von d4 abschütteln - da g2-g4 verhindert ist, versucht er
den anderen Springer zu vertreiben.} (11. Ne3 $5 g5 12. Nxf5 exf5 13. h4 (13.
Bb5 h4 14. e6 fxe6 15. Re1 Bf6 16. Qe2 Kf7 17. Bxc6 bxc6 18. Ne5+ Bxe5 19. Qxe5
h3 $17 {Gomez,P-Arcija,D Buenos Aires 1993}) 13... g4 14. Ng5 Qb6 15. Be3 f4 $1
16. Bxf4 Qxd4 $15 {Dolmatov,S-Hertneck,G Tilburg1.27 (15') 1992}) 11... Rc8 $6
{now white can a space advantage on the queen's side which will in about 25
moves decides the game! after 11...Nxb4 white is probably slightly better but
probably this is not the end of the world for black Knaak: Ich meine, der mit
10...h5 begonnene Spielplan verlangt andere Maßnahmen.} (11... Nxb4 12. Nxb4
Bxb4 13. Rb1 Be7 (13... Ba5 $5 {Belov} 14. Rxb7 Bb6 15. Bg5 Qc8 16. Ba6 $36) (
13... Qa5 14. Qb3 Be7 15. Qxb7 Rc8 16. Bb5 $36) 14. Rxb7 $14 {Xh5}) (11... b5
$5 {Knaak} 12. Bxb5 Nxe5 $13) (11... g5 $5 {Knaak}) 12. Rb1 a6 13. a4 $1 Qb6 ({
Knaak: Hier war die letzte Gelegenheit zu} 13... b5 $5 {Knaak} 14. axb5 axb5
15. Na3 Qb6 $13) 14. b5 axb5 15. Bxb5 (15. axb5 {Knaak} Na5 16. Ne3 (16. Bg5 {
Belov} Nc4 $10)) 15... Qc7 16. Ne3 Nxe3 17. Bxe3 Na5 (17... O-O {Xh5} 18. Ng5
$5 g6 19. Be2 $5 {with the idea Bxh5}) 18. Bg5 $1 {after changing the black
bishops black's king becomes weaker Knaak: Nach dem Tausch der vier Läufer
verbleibt Schwarz völlig ohne Spiel, insbesonder d4 ist kaum angreifbar. Auf
dem Königsflügel erweist sich der Zug h7-h5 als fatal.} Bxb5 19. Rxb5 Nc4 (
19... f6 20. Bh4 $16 (20. Bf4 $16)) 20. h4 $1 b6 (20... f6 21. Qb1 $1 fxg5 22.
Rxb7 Qc6 (22... Qd8 23. Qg6+ Kf8 24. Nxg5 {with mate in two}) 23. Qg6+ Kd8 24.
Rxe7 $18) 21. Bxe7 Qxe7 (21... Kxe7 {Belov} 22. Ng5 g6 23. Qb3 Qc6 24. Qb4+ Ke8
25. Rb1 $16) 22. Ng5 $16 Ra8 {22... g6 with castle peobablt does not work
because after 0-0 white has g4! with attack} 23. Rb3 $1 {Xf7} (23. Qb3 $2 {
Belov} Nd2) (23. Qc2 {Belov} Qa3 $5 $132) 23... Ra7 (23... Rxa4 $2 24. Rf3 (24.
Rf3 {Belov} b5 25. Rxf7 $16)) (23... Qd7 24. Rf3 (24. Rb4) 24... Rf8) 24. Qc2
g6 (24... f6 $5) (24... Qd7 $5 {Belov} 25. Rf3 Rf8 26. Ra1 Ra5 $14) 25. Rf3 Rf8
(25... O-O $2 26. Rf6 $18 {g4 and h5 to come}) 26. Rb1 Qd7 27. Rb4 $1 (27. Nh7
$6 Qxa4 28. Qxa4+ Rxa4 29. Nxf8 Nd2 30. Nxe6 fxe6 31. Rxb6 Nxf3+ 32. gxf3 Kf7
33. Rb7+ Kf8 34. Rb6 $10) 27... Rc7 28. Rc3 (28. Nh7 Qe7 $8 (28... Nxe5 29. Rc3
Rxc3 30. Qxc3 Qc6 31. Qa3 $1 $18)) 28... Kd8 (28... Rh8 29. Rxb6 $18 (29. a5 {
Belov} bxa5 30. Rb8+ Rc8 31. Rcb3 $40)) 29. Nh7 $1 Rh8 30. Nf6 {the
penetration of the knight to f6 will decide the game} Qe7 31. Qb3 Rc6 (31...
Na5 32. Rxb6) 32. Rb5 Qc7 33. a5 $1 $18 Kc8 (33... Nxa5 34. Rxa5 $18 bxa5 (
34... Rxc3 35. Ra8+ Ke7 36. Rxh8 (36. Qb4+ $18 {Belov})) 35. Rxc6 Qxc6 36. Qb8+
Ke7 (36... Qc8 {Knaak} 37. Qd6+ (37. Qd6+ Qd7 38. Qxd7#)) 37. Qxh8 Qc1+ 38. Kh2
Qf4+ 39. Kh3 Qf5+ 40. Kg3 (40. Kg3 Qd3+ 41. f3 $18)) (33... bxa5 {Belov} 34.
Rb8+ Ke7 35. Rxh8 $18) 34. axb6 Qb7 35. Ne4 $1 dxe4 (35... Kb8 {Belov} 36. Nc5
Qe7 37. b7 $18) 36. Rxc4 Rxc4 37. Qxc4+ {[#]_|_ Hecht Mattangriff gegen
exponierten schwarzen K i.V mit o^} Kd7 38. Ra5 Rc8 (38... Qxb6 {Hecht} 39.
Qa4+ Ke7 40. Qa3+ Kd7 41. Ra7+ $18) 39. Qb5+ Qc6 (39... Kd8 {Belov} 40. Ra7 Qd5
41. Qxd5+ exd5 42. Rxf7 Rc1+ 43. Kh2 Rb1 44. b7 Rb6 45. e6 $18) 40. Ra7+ Kd8
41. Qxc6 Rxc6 (41... Rxc6 42. Ra8+ Kd7 (42... Rc8 43. b7) 43. b7 $18) 1-0

[Event "RUS-ch"]
[Site "Elista"]
[Date "1996.??.??"]
[Round "1"]
[White "Sveshnikov, Evgeny"]
[Black "Bareev, Evgeny"]
[Result "1-0"]
[WhiteElo "2535"]
[BlackElo "2655"]
[Annotator "Har Zvi,R"]
[PlyCount "111"]
[EventDate "1996.10.15"]
[EventType "swiss"]
[EventRounds "11"]
[EventCountry "RUS"]
[SourceTitle "CBM 056"]
[Source "ChessBase"]
[SourceDate "1997.02.01"]
[SourceVersion "1"]
[SourceVersionDate "1997.02.01"]
[SourceQuality "1"]

1. e4 e6 2. d4 d5 3. e5 c5 4. c3 Nc6 5. Nf3 Qb6 6. a3 Nh6 7. b4 cxd4 8. cxd4
Nf5 9. Bb2 (9. Be3 f6 $5 10. Bd3 $1 (10. b5 Nxe3 11. fxe3 Nxe5 $1 12. dxe5
Qxe3+ 13. Qe2 (13. Be2 Bc5 $40) 13... Qc1+ 14. Qd1 Qe3+ 15. Qe2 Qc1+ 16. Qd1 {
1-2/1-2 Romero Holmes,A-De la Villa Garcia,J Leon 1995}) 10... Nxe3 (10... fxe5
$2 11. Bxf5 exf5 12. dxe5 $16) 11. fxe3 fxe5 (11... f5 $14) (11... Bd7 12. exf6
gxf6 13. Nc3 Bh6 14. Qe2 O-O 15. O-O $14 {Hansen,LB}) 12. b5 e4 13. bxc6 Bd6 (
13... exd3 $6 14. Ne5 bxc6 15. Qh5+ g6 16. Nxg6 hxg6 17. Qxh8 Qc7 18. O-O $16 {
Prie,E-De la Villa Garcia,J Leon 1991}) (13... exf3 14. cxb7 Bxb7 15. O-O fxg2
16. Kxg2 Be7 17. Nd2 $16 {Hansen,LB}) 14. O-O O-O 15. Ng5 $1 h6 $8 (15... exd3
16. Qh5 $18) 16. Rxf8+ Bxf8 17. Nxe4 $1 dxe4 18. Bxe4 bxc6 19. Nd2 $16 {
Xc6,e6,Kg8 Hansen,L.Bo-Antonsen,M Farum 1993 59/308 [Hansen,L.Bo]}) 9... Be7 (
9... a5 10. b5 a4 11. g4 Nfe7 12. Nc3 Nb8 13. Bd3 Nd7 14. O-O Ng6 15. Rc1 Be7
16. Nxa4 $14 {/~/= Sveshnikov,E-Bareev,E Moscow PCA-Intel qual 25' 1995}) 10.
h4 (10. Be2 O-O 11. O-O a5 12. b5 a4 13. Kh1 Na5 14. Nc3 Nc4 15. Bxc4 dxc4 16.
Qd2 Bd7 17. Rab1 Qa5 18. d5 $36 {Short,N-Bareev,E CS Masters g25, Geneve SUI 
(1.1)}) (10. Bd3 a5 $5 (10... O-O 11. O-O f6 12. Bxf5 exf5 13. Nc3 Be6 14. Na4
Qd8 15. Nc5 Bxc5 16. dxc5 $16 {Sveshnikov,E-Paramos,R Oviedo 25' 1993}) 11.
Bxf5 (11. b5 Ncxd4 12. Nxd4 Nxd4 13. Qg4 Nf5 $1 14. Bxf5 Qxb5 $1 15. Bd4 exf5
16. Qxg7 Rf8 17. Nc3 Qc4 18. Ne2 {Haba,P-Glek,I Stare Mesto 1992 56/(288)} Bd7
$1 19. Rc1 Qd3 $1 20. Rd1 Qb5 21. Nc3 Qc4 $1 $17) 11... exf5 12. Nc3 Be6 13. b5
a4 $1 14. O-O Nb8 15. Bc1 Nd7 16. Rb1 $6 (16. Ng5 $5) 16... O-O 17. Nxa4 Qa5
$15 {/-/+ Campora,D-Dokhoian,Y Wijk-B 1989}) 10... h5 11. Bd3 a5 12. Bxf5 exf5
13. Nc3 axb4 $6 {after 13...Be6 14.b5 we reach the variation as after 10.Bd3
immediately but it is clear that the moves h4-h5 are very muvh in white's
favour,but still it seems better than the game which gave black a very bad
position} 14. Nxd5 Qa5 (14... Qd8 15. Nxe7 Qxe7 16. d5 bxa3 17. O-O $1 $16) 15.
Nxe7 b3+ (15... bxa3+ $4 16. Nd2 Nxe7 17. Rxa3 $18) (15... Nxe7 16. O-O $16)
16. Nd2 Nxe7 17. Qxb3 (17. O-O $6 Be6 $8 18. Nxb3 $4 Qb6 $19) 17... Rh6 (17...
Be6 $5 18. Qxb7 Bd5 $44) 18. Bc3 Qd5 19. O-O Qxb3 (19... Rg6 20. f3) 20. Nxb3
Rc6 21. Bb4 $16 {black's opening ended with a big advantage for white one pawn
up for no compensation at all,to em it seems that the move 13...axb4 is the
reason for that} Nd5 22. Na5 $1 {white's knight is going to c4} Rc2 23. Rfc1
Rxc1+ 24. Rxc1 b6 25. Nc4 Be6 26. Nd6+ Kd7 27. Kh2 Ra4 28. Rb1 g6 29. f3 f4 30.
Ne4 Bf5 31. Rb3 Kc6 (31... Bxe4 32. fxe4 Nxb4 33. axb4 $16 (33. Rxb4 Rxa3 34.
Rxb6 Ra4 $1 (34... Re3 $2 35. Rf6 Rxe4 36. Rxf7+ Ke8 37. Rf6 Rxd4 38. Rxg6 Rd2
39. Rg5 $1 (39. Kg1 Rd1+ 40. Kf2 Rh1) 39... f3 40. Kg1 $1 fxg2 41. Rxh5 $1 $18)
35. Rd6+ Ke7)) 32. Rb2 Ne3 (32... Bxe4 33. fxe4 Nxb4 34. axb4 $16 Ra3 35. Rf2)
33. Nc3 Ra7 34. Bf8 Ra8 35. Be7 Ra7 36. Bd8 Ra6 37. a4 {Xb6} Nd5 $2 {loses by
force by the ending becomes very difficult probably lost for black} 38. Nxd5 $1
Kxd5 39. Rxb6 Rxa4 40. Rd6+ Kc4 41. d5 $1 {the "e" pawn is going to e7} Ra8 42.
e6 fxe6 43. dxe6 Bxe6 44. Rxe6 Rxd8 45. Rxg6 Kd5 46. Rg5+ Ke6 47. Rxh5 Rg8 48.
Kg1 Kf7 49. Kh2 Ke6 50. Kh1 Kf6 51. Kg1 Rg7 52. Rh8 Kf5 53. Kh2 Rg6 54. h5 Rf6
55. Ra8 Rf7 56. Kh3 1-0

[Event "Bonn GSK"]
[Site "Bonn"]
[Date "1996.??.??"]
[Round "?"]
[White "Seul, Georg"]
[Black "Gurevich, Mikhail"]
[Result "0-1"]
[WhiteElo "2445"]
[BlackElo "2605"]
[Annotator "Har Zvi,R"]
[PlyCount "64"]
[EventDate "1996.08.??"]
[EventType "tourn"]
[EventRounds "12"]
[EventCountry "GER"]
[EventCategory "12"]
[SourceTitle "CBM 056"]
[Source "ChessBase"]
[SourceDate "1997.02.01"]
[SourceVersion "1"]
[SourceVersionDate "1997.02.01"]
[SourceQuality "1"]

1. e4 {Gurevich,M} e6 2. d4 d5 3. e5 c5 4. Nf3 cxd4 5. Bd3 Nc6 6. O-O Nge7 (
6... f5 7. Nbd2 Bc5 (7... Nh6 8. Nb3 Nf7 9. Nbxd4 Be7 10. Re1 O-O 11. c4 Nxd4
12. Nxd4 Bc5 13. Nf3 b6 {1/2-1/2 Kindermann,S-Fargo,I Budapest 1987}) 8. Nb3
Bb6 9. Re1 Nge7 10. Bf1 O-O 11. Nbxd4 Ng6 12. c3 $14 {Stripunsky,A-Krivoshey,S
Mlada Boleslav op 1995}) (6... Bd7 7. Re1 h6 (7... Nge7 8. Bf4 Qb6 9. Nbd2 Na5
10. Rb1 Rc8 11. Qe2 Ng6 12. Bg3 Bb4 13. h4 Ne7 14. Bf4 Bxd2 15. Bxd2 Nc4 16.
Bc1 h6 17. b3 Na5 18. Ba3 $16 {Spraggett,K-Baragar,F Winnipeg zt 1986}) 8. a3
Bc5 9. Nbd2 Nge7 10. b4 Bb6 11. Nb3 a6 12. Bb2 O-O 13. Qd2 f6 14. exf6 Rxf6 15.
Nbxd4 Nxd4 16. Nxd4 Nc6 17. Bf1 Rf7 18. c4 $1 dxc4 19. Nf3 $16 {Hodgson,
J-Morozevich,A Amsterdam Donner mem 1996}) (6... f6 7. Qe2 fxe5 8. Nxe5 Nf6 9.
Bg5 Nxe5 10. Qxe5 Bd6 11. Bb5+ Kf7 12. Qxd4 Qc7 13. Qh4 Qxc2 14. Nc3 Qg6 15.
Rad1 h6 16. f4 $1 $40 {Kogan,A-Terreaux,G Lenk op 1994}) 7. Bf4 Qb6 (7... Ng6
8. Bg3 Be7 (8... Qb6 9. Nbd2 Qxb2 10. Nb3 Be7 11. h4 O-O 12. h5 Nh8 13. Bf4 Qa3
14. h6 g6 15. Nbxd4 Nxd4 16. Nxd4 Qb4 17. Be3 f6 18. Rb1 Qa4 19. exf6 Bxf6 20.
Nb5 $13 {Bator,R-Bareev,E Stockholm Rilton cup 1987}) 9. Nbd2 (9. Re1 {
Gurevich,M} O-O 10. Nbd2 f5 11. exf6 gxf6 12. Bxg6 hxg6 13. Nh4 Qe8 14. f4 e5
$1 15. Qf3 e4 16. Nxe4 dxe4 17. Qxe4 f5 18. Qd3 Qf7 19. Re2 Be6 20. b3 Bd5 {
0-1 Hmadi, S-Poldauf, D/FSGM May Budapest HUN (10) 1996}) 9... f5 (9... O-O 10.
Nb3 f5 11. exf6 gxf6 12. Bxg6 hxg6 13. Nfxd4 e5 14. Nxc6 bxc6 15. f4 e4 16. Bf2
a5 17. Nd4 Qd6 18. f5 Bxf5 19. Nxf5 gxf5 20. Be3 Qd7 21. Qh5 $36 {1/2-1/2
Hmadi, S-Proehl, H/FSGM May Budapest HUN (12) 1996 (42)}) 10. h3 O-O 11. Re1
Nh4 12. Bxh4 Bxh4 13. Nb3 Bd7 14. Nxh4 Qxh4 15. Bb5 Rac8 16. Bxc6 Rxc6 17. Nxd4
$14 {/+/- Hodgson,J-Ree,H Wijk 1986}) 8. Nbd2 Ng6 (8... Qxb2) 9. Bg3 Nb4 $1 {
exchanging the bishop on d3 is a good idea although white will manage to get
the d4 square,the bishop on g3 is not in the game and white will not have the
h4-h5 idea} (9... Bd7 10. a3 Be7 11. b4 f5 12. exf6 gxf6 13. b5 Na5 14. Nh4
O-O-O $17 {Varas,C-Kaminski,M Hamburg 1992}) (9... Qxb2 10. Nb3 (10. Rb1 {
Gurevich,M} Qxa2 (10... Qc3 11. h4 $5 $36) 11. Nb3 $36) 10... Bd7 11. h4 {
when white has good compensation for the pawns}) 10. Nb3 (10. Bxg6 {Gurevich,M}
fxg6 $5 11. Nb3 Be7 12. Nfxd4 O-O $132) 10... Nxd3 {two bishops} 11. Qxd3 Bd7
12. Nfxd4 {white's idea is f4-f5 but it is very difficult to carry out this
plan, interesting was 12.Nbxd4 with h4 to follow,since now white's plan is not
clear} (12. Nbxd4 Be7 13. h4 $13) 12... Be7 13. f4 O-O 14. Kh1 Kh8 (14... f6 {
Gurevich,M} 15. exf6 Bxf6 16. c3 $13) 15. Be1 $6 {white playes very passive
and now first black is going to force white to play a4 just creating a
weakness,and after will break in the center with f6 when  the f4 pawn will be
black's target} (15. f5 $5 exf5 16. Nxf5 $2 (16. Qf3) 16... Bb5) 15... a5 $1 (
15... Qa6 $5 {Gurevich,M} 16. Qxa6 bxa6 $132) 16. a4 {Xa4} f6 $1 $15 {/-/+} 17.
exf6 Bxf6 {now the f4 becomes very weak while after g3 white's king becomes
very weak} 18. Bc3 Qc7 $1 $36 {white was threatening Qd2 winning the a5 pawn 
[><f4;/\19...b6]} 19. Qd2 b6 20. Rae1 (20. Ne2 {Gurevich,M} Bxc3 21. Qxc3 Qxc3
22. bxc3 Rac8 $17) 20... e5 21. fxe5 Bxe5 22. g3 (22. Nb5 Bxb5 (22... Qc4 $1 {
Gurevich,M} 23. Rxf8+ Rxf8 24. Qd3 Bxc3 25. Nxc3 Qxd3 26. cxd3 Rf2 $17) 23.
axb5 (23. Bxe5 Qxe5 $1 24. axb5 Qxb2) 23... Bxc3 $17 {and the a pawn becomes a
very strong pass pawn}) 22... Bh3 $1 23. Rxf8+ Rxf8 $19 {it is clear that with
such first rank and king white will not be able to survive} 24. Qe3 Qf7 (24...
Qc4 $1 $17 {/-+ black's position is very good but still it is necessary to
play the best moves white can not save the a4 pawn}) 25. Qe2 (25. Nd2 $1 $8 {
bringing the knight to defend}) 25... Qf6 {white pieces can not move} (25...
Qf2 {Gurevich,M} 26. Qxf2 Rxf2 27. Kg1 Rg2+ 28. Kh1 {(/\29.Re2)}) 26. Kg1 h6
27. Nb5 $2 {this try for some activity loses the game immediately,but any way
it seems that in this position only one result seems logical} Bxc3 28. Nxc3 Ne5
$1 $19 29. Nd4 {[#]} (29. Qxe5 Qf1+ 30. Rxf1 Rxf1#) (29. Rb1 Nf3+ 30. Kh1 d4
31. Ne4 Qc6 $19) 29... Nd3 $1 30. cxd3 Qxd4+ 31. Kh1 Rf2 32. Qe8+ Kh7 0-1

[Event "Katrineholm"]
[Site "Katrineholm"]
[Date "1995.??.??"]
[Round "?"]
[White "Ekstroem, Roland"]
[Black "Olafsson, Helgi"]
[Result "1-0"]
[WhiteElo "2435"]
[BlackElo "2470"]
[Annotator "Hecht,H"]
[PlyCount "118"]
[EventDate "1995.04.??"]
[EventType "tourn"]
[EventRounds "9"]
[EventCountry "SWE"]
[EventCategory "9"]
[SourceTitle "CBM 049"]
[Source "ChessBase"]
[SourceDate "1995.12.01"]
[SourceVersion "1"]
[SourceVersionDate "1995.12.01"]
[SourceQuality "1"]

1. e4 {King} c5 2. c3 e6 3. d4 d5 4. e5 Nc6 5. Nf3 Qb6 6. Be2 Bd7 7. O-O cxd4
8. cxd4 Nge7 9. Nc3 Nf5 10. Na4 Qd8 11. Bf4 h6 12. g4 Nh4 13. Nxh4 Qxh4 14. Rc1
Rc8 15. Be3 Qd8 16. Nc5 Bxc5 17. Rxc5 h5 18. gxh5 Qh4 19. Kh1 Ne7 20. Rxc8+
Bxc8 21. Rg1 Nf5 22. Bg4 Bd7 23. Qd2 f6 24. Bf4 Kf7 25. exf6 gxf6 26. Bxf5 exf5
27. h6 {King: White is able to force an extremely favourable ending.} Rg8 28.
Rxg8 Kxg8 29. f3 Qh3 30. Qe2 Kf7 31. Kg1 a6 32. Qg2 Qxg2+ 33. Kxg2 {ungleiche
L; Baukastenspiel; Suche nach bester schwarzer Verteidigung; Analyse!} Bb5 {
weißer Plan bei passiver Verteidigung:} (33... Kg6 34. Kf2 Bc6 35. Ke3 Kh7 36.
Kd2 Kg6 37. Kc3 Kh7 38. Kb4 Kg6 39. Ka5 Kh7 40. b4 Kg6 41. a4 Kh7 42. b5 axb5
43. axb5 Bd7 44. Kb6 Kg6 45. Kc5 Be6 46. b6 Kh7 47. Kd6 Bg8 48. Kc7 $18) 34.
Kf2 Bc4 35. b3 Bd3 36. Ke3 Bf1 37. Kd2 {White threatens Kc3-b4-c5. The ending
must be winning.} Bg2 38. Ke2 (38. Kc3 Bxf3 39. Kb4 b6 40. Bc7 Kg6 $132) 38...
b5 39. Kf2 Bh3 40. Bd6 f4 $5 (40... Kg6 $5 41. Kg3 Bf1 42. Kf4 Bd3 43. Bf8 b4 (
43... a5 $5 {Analyse!}) 44. Bxb4 Bb1 45. a3 Bc2 46. Be7 Bxb3 47. h7 Kxh7 48.
Kxf5 $18) 41. Bxf4 Bf5 42. Ke2 a5 43. Kd2 a4 44. Kc3 Bb1 45. a3 Kg6 46. Kb4 Bc2
47. bxa4 bxa4 48. Kc5 Bb3 49. Kd6 Kf7 50. Bd2 Bc4 51. f4 f5 52. Ke5 Kg6 53. h7
Kxh7 54. Kxf5 Bd3+ 55. Ke6 Kg6 56. Kxd5 Kf5 57. Kd6 Ke4 58. Kc5 Be2 59. d5 Bg4
1-0

[Event "Horgen CS"]
[Site "Horgen"]
[Date "1994.??.??"]
[Round "2"]
[White "Benjamin, Joel"]
[Black "Kortschnoj, Viktor Lvovich"]
[Result "1/2-1/2"]
[WhiteElo "2610"]
[BlackElo "2615"]
[Annotator "Hecht,H"]
[PlyCount "121"]
[EventDate "1994.09.??"]
[EventType "tourn"]
[EventRounds "11"]
[EventCountry "SUI"]
[EventCategory "16"]
[SourceTitle "CBM 043"]
[Source "ChessBase"]
[SourceDate "1994.12.01"]
[SourceVersion "1"]
[SourceVersionDate "1994.12.01"]
[SourceQuality "1"]

1. e4 e6 2. d4 d5 3. e5 c5 4. c3 Nc6 5. Nf3 Qb6 6. Be2 Nge7 7. dxc5 Qxc5 8. Bf4
Ng6 9. Bg3 Qb6 10. b4 Bd7 11. Bd3 a5 12. b5 Nce7 13. Nbd2 Nf5 14. Qe2 a4 15. c4
Nxg3 16. hxg3 Be7 17. O-O O-O 18. Rfc1 Rac8 19. Nf1 dxc4 20. Rxc4 Rxc4 21. Bxc4
Rc8 22. Rd1 Be8 23. N1d2 Qc7 24. Bd3 Rd8 25. Be4 Bb4 26. Bd3 Rd5 27. Nf1 Bc5
28. Bxg6 hxg6 29. Rxd5 exd5 30. Ne3 Qb6 31. Nxd5 Qxb5 32. Qd2 Qd7 33. Qd3 b5
34. Qe4 Qd8 35. e6 fxe6 36. Nf4 Qb6 37. Qa8 Qc6 38. Qd8 Qd7 39. Qa8 Qc6 40. Qd8
Qd7 41. Qa8 Bb6 42. Nxg6 Qd1+ 43. Kh2 Qd8 44. Qe4 Qf6 45. Nf4 Bxf2 46. Qa8 Kf7
47. Qb7+ Kf8 48. Qc8 e5 49. Nxe5 Bxg3+ 50. Kxg3 Qxe5 51. Kg4 Ke7 52. Kf3 g5 53.
Nd3 Qd5+ 54. Ke3 Bc6 (54... Qxa2 $5 55. Qc5+ $13) (54... Qe6+ 55. Qxe6+ Kxe6
56. Kd4 Kf5 $17) 55. Qc7+ Kf6 56. g3 Qe6+ 57. Kd4 Qe4+ 58. Kc5 Qc4+ 59. Kb6
Qxd3 60. Qxc6+ Kf5 61. Qxb5+ 1/2-1/2

[Event "Bundesliga 0203"]
[Site "Germany"]
[Date "2002.12.14"]
[Round "5.5"]
[White "Boe Olsen, Mads"]
[Black "Werle, Jan"]
[Result "0-1"]
[WhiteElo "2372"]
[BlackElo "2434"]
[Annotator "Hecht,H"]
[PlyCount "132"]
[EventDate "2002.10.19"]
[EventType "team-tourn"]
[EventRounds "15"]
[EventCountry "GER"]
[SourceTitle "CBM 093"]
[Source "ChessBase"]
[SourceDate "2003.04.01"]
[SourceVersion "1"]
[SourceVersionDate "2003.04.01"]
[SourceQuality "1"]
[WhiteTeam "Emsdetten Turm"]
[BlackTeam "Solingen"]
[WhiteTeamCountry "GER"]
[BlackTeamCountry "GER"]

1. e4 e6 2. d4 d5 3. e5 c5 4. c3 Nc6 5. Be3 Qb6 6. Qd2 f6 7. f4 Nh6 8. Nf3 Bd7
9. Be2 Nf5 10. Bf2 cxd4 11. cxd4 fxe5 12. fxe5 Bb4 13. Nc3 O-O 14. O-O Rac8 15.
Rfc1 Na5 16. Rc2 Nc4 17. Bxc4 Rxc4 18. Rac1 Rfc8 19. a3 Bf8 20. Nd1 Qb3 21.
Rxc4 Rxc4 22. Rxc4 Qxc4 23. h3 Bb5 24. Kh2 h6 25. g4 Ne7 26. Ne3 Qe2 27. Qxe2
Bxe2 28. Ng1 Bd3 29. Nd1 Nc6 30. Nc3 Be7 31. Nf3 Kf7 32. Be3 Na5 33. Kg3 Nb3
34. Nd2 Na1 35. Nf3 Nc2 36. Bd2 Bd8 37. Ne1 Nxe1 38. Bxe1 Bg5 39. Nd1 Bc1 40.
Kf2 Kg6 41. Bc3 Kg5 42. Kg3 Bf4+ 43. Kf3 Be4+ 44. Ke2 Bg2 45. Nf2 Bg3 46. Be1
Bxf2 47. Bd2+ Kh4 48. Kxf2 Bxh3 49. g5 hxg5 50. Bc1 Bf5 51. Bd2 g4 52. a4 g3+
53. Kg1 Kg4 54. Bb4 Kf3 55. a5 b6 56. axb6 axb6 57. Bd6 Ke3 58. Bc7 b5 {
Gewinnt mit Hilfe des Zugzwangs.} (58... Kxd4 59. Kg2 b5 60. Kxg3 g5 61. Z0 g4
$140 62. Z0 Kc4 63. Z0 d4 64. Z0 d3 {[%cal Rc4b3,Rb3c2] führte ebenfalls zum
Gewinn.}) 59. Bb6 Be4 60. b4 g5 61. Ba7 g4 62. Kf1 g2+ 63. Kg1 Kd3 64. Kf2 Kc3
65. Bc5 Kc4 66. Kg1 g3 {Zugzwang} (66... g3 67. Be7 Kxd4 68. Bd6 Kc3 69. Bc5
Bf5 $18 {nach Aufheben der Pattstellung.}) 0-1